Tantra, its therapeutic aspect /
Saved in:
| Main Author: | |
|---|---|
| Format: | Book |
| Language: | English |
| Published: |
Calcutta :
Punthi Pustak,
1987.
|
| Subjects: | |
| Tags: |
Add Tag
No Tags, Be the first to tag this record!
|
| LEADER | 01238aam a2200349 a 4500 | ||
|---|---|---|---|
| 001 | 002002170-4 | ||
| 005 | 20160408230457.0 | ||
| 008 | 900424s1987 ii af b 001 0 eng | ||
| 010 | |a 89906727 | ||
| 016 | 7 | |a 8901748 |2 DNLM | |
| 020 | |c Rs430.00 | ||
| 035 | 0 | |a ocm21525516 | |
| 035 | 0 | |a ocm21525516 |z ocm19129309 | |
| 040 | |a DLC |c DLC |d NLM |d HLS | ||
| 041 | 0 | |a engsan | |
| 043 | |a a-ii--- | ||
| 050 | 0 | 0 | |a RZ999 |b .S49 1987 |
| 060 | 0 | |a WB 50 |b JI4 S49t 1987 | |
| 082 | 0 | 0 | |a 615.5/3 |2 20 |
| 100 | 1 | |a Shah, Pragna R. |q (Pragna Rasiklal), |d 1956- | |
| 245 | 1 | 0 | |a Tantra, its therapeutic aspect / |c Pragna R. Shah. |
| 260 | |a Calcutta : |b Punthi Pustak, |c 1987. | ||
| 300 | |a xix, 161 p., [9] leaves of plates : |b ill. (some col.) ; |c 25 cm. | ||
| 500 | |a Includes passages in Sanskrit (roman) | ||
| 500 | |a Revision of the author's thesis (doctoral--Gujarat University) | ||
| 504 | |a Includes bibliographical references (p. [150]-154) | ||
| 651 | 2 | |a India. | |
| 650 | 2 | |a Medicine, East Asian Traditional. | |
| 650 | 0 | |a Tantrism |x Therapeutic use. | |
| 776 | 0 | 8 | |i Online version: |a Shah, Pragna R. (Pragna Rasiklal), 1956- |t Tantra, its therapeutic aspect. |d Calcutta : Punthi Pustak, 1987 |w (OCoLC)606205738 |
| 988 | |a 20020608 | ||
| 906 | |0 DLC | ||


